| 000 | 006050000a22002290004500 | ||
|---|---|---|---|
| 005 | 20120302060839.0 | ||
| 942 | _cBOOK | ||
| 100 | _a Subbarao,Bendapudi | ||
| 245 | _a Personality of India:A study in the development of mateial culture of India & Pakistan | ||
| 260 | _aBaroda:Faculty of Arts,1956 | ||
| 300 | _axii,135p. | ||
| 490 | _aM.S.University Arehaeolvgy Series No.3 | ||
| 040 | _aENG | ||
| 365 | _bRs.15/- | ||
| 650 | _aHistory | ||
| 650 | _aArt | ||
| 650 | _aArchaeology | ||
| 650 | _aIndian Archeology | ||
| 650 | _aTerminology | ||
| 650 | _aChoronology | ||
| 650 | _aPrehistory | ||
| 999 |
_c352330 _d352327 |
||